| 000 | 00723cam a22001935a 4500 | ||
|---|---|---|---|
| 001 | L155502 | ||
| 008 | 120327s1813 xxk f 000 0 eng d | ||
| 035 | _a(Sirsi) u155502 | ||
| 041 | 0 | _aeng | |
| 100 | 1 |
_aDavies, Walter _d1761-1849 |
|
| 245 | 0 | 0 | _aGeneral view of the agriculture and domestic economy of North Wales drawn up for the consideration of the Board of Agriculture and Internal Improvement |
| 260 |
_aLondon _bPrinted for Sherwood, Neely, and Jones _c1813 |
||
| 300 |
_axvi, 510 p., 2 leaves of plates (one folded) _bill., map, plan _c23 cm. |
||
| 583 |
_aCondition reviewed _c20120620 _lcondition level 1 |
||
| 651 | 4 |
_aWales _y2007- |
|
| 690 |
_aRural _96268 |
||
| 710 | 1 | _aBoard of Agriculture | |
| 942 | _n0 | ||
| 999 |
_c113614 _d113614 |
||